| 000 | 00557nam a2200181 a 4500 | ||
|---|---|---|---|
| 005 | 20210223121732.0 | ||
| 008 | 991125s1994 mx 000 0 spa u | ||
| 020 | _a9684962223 | ||
| 035 | _aUPN01000022958 | ||
| 049 | _aCG | ||
| 050 | 4 |
_aQE501.2 _bE87 |
|
| 245 | 0 | 0 |
_aEstudios históricos sobre desastres naturales en México : _bbalance y perspectivas / _ccoord. Virginia García Acosta. |
| 260 |
_aMéxico : _bCIESAS, _c1994. |
||
| 300 | _a76 p. | ||
| 650 | 4 |
_aDESASTRES - _zMEXICO _912459 |
|
| 700 | 1 |
_aGarcía Acosta, Virginia, _ecoord. |
|
| 905 | _aLibro | ||
| 999 |
_c22958 _d22958 |
||